[Event "AUTO-OPEN-360"]
[Site "http://www.queenalice.com/game.php?id=96685"]
[Date "2006.8.17"]
[Round "1"]
[White "yetiyare"]
[Black "jrichardx"]
[Result "0-1"]
[WhiteElo "1198"]
[BlackElo "1624"]

1. d4 Nf6 2. c4 e5 3. e3 exd4 4. exd4 d5 5. Nc3 Bb4 6. Bd2 Bxc3 7. Bxc3 O-O 8.
Nf3 Re8+ 9. Be2 Qe7 10. Ne5 Nbd7 11. O-O Nxe5 12. dxe5 Ne4 13. Bf3 Nxc3 14. Qd3
Na4 15. Qxd5 Qxe5 16. Qd1 Nxb2 17. Qc2 Bf5 18. Qc1 Nd3 19. Qd2 c6 20. Rab1 Rab8
21. g4 Bg6 22. Bd1 Nf4 23. f3 Qe3+ 24. Qxe3 Rxe3 25. Kf2 Rc3 26. Rb2 Nd3+ 0-1

[Event "Challenge"]
[Site "http://www.queenalice.com/game.php?id=96691"]
[Date "2006.8.17"]
[Round "-"]
[White "gustavline"]
[Black "jrichardx"]
[Result "1-0"]
[WhiteElo "1445"]
[BlackElo "1723"]

1. d4 Nf6 2. c4 g6 3. Nc3 d5 4. cxd5 Nxd5 5. e4 Nxc3 6. bxc3 Bg7 7. e5 O-O 8.
Nf3 Nc6 9. Bd3 Be6 10. O-O f6 11. exf6 exf6 12. Rb1 b6 13. Re1 Bxa2 14. Ra1 Bd5
15. Ba3 Re8 16. c4 Bxf3 17. Qxf3 Nxd4 18. Qg3 f5 19. Rxe8+ Qxe8 20. Qxc7 Ne2+
21. Kf1 Bxa1 22. Bxe2 Bc3 23. c5 Bd4 24. Bc4+ Kh8 25. c6 Rc8 26. Qd6 Qxc6 27.
Qxd4+ 1-0

[Event "franzjonas  "]
[Site "http://www.queenalice.com/game.php?id=98595"]
[Date "2006.8.23"]
[Round "-"]
[White "jrichardx"]
[Black "franzjonas"]
[Result "1-0"]
[WhiteElo "1631"]
[BlackElo "1468"]

1. e4 e5 2. Nf3 Nc6 3. d4 exd4 4. Nxd4 Bc5 5. Nxc6 bxc6 6. Bc4 Nf6 7. Nc3 d5 8.
exd5 cxd5 9. Bxd5 Nxd5 10. Qxd5 Qxd5 11. Nxd5 Bb6 12. O-O Bb7 13. Re1+ Kf8 14.
Nxb6 axb6 15. Bf4 Rc8 16. Re3 Re8 17. Bxc7 Rxe3 18. fxe3 b5 19. Rd1 g6 20. Rd8+
Kg7 21. Be5+ f6 22. Rxh8 Kxh8 23. Bxf6+ Kg8 24. Kf2 Kf7 25. Bc3 Be4 26. g4 Bxc2
27. Kf3 1-0

[Event "AUTO-INT-145"]
[Site "http://www.queenalice.com/game.php?id=98648"]
[Date "2006.8.23"]
[Round "1"]
[White "ravague"]
[Black "jrichardx"]
[Result "1-0"]
[WhiteElo "1704"]
[BlackElo "1602"]

1. d4 d5 2. c4 Nf6 3. Nc3 e6 4. Bf4 c6 5. e3 dxc4 6. Bxc4 Be7 7. Nf3 O-O 8. O-O
Nbd7 9. Qb3 Qb6 10. Rac1 Qxb3 11. Bxb3 Nb6 12. Bc2 Nbd5 13. Bg3 Rd8 14. Rfe1 Bb4
15. Bb3 Ne4 16. a3 Bxc3 17. bxc3 Nexc3 18. e4 Nxe4 19. Bh4 Nef6 20. Re5 Rd6 21.
Bxf6 Nxf6 22. a4 Bd7 23. Bc2 Rd8 24. h3 Be8 25. Ra5 a6 26. Rb1 R8d7 27. Rc5 Nd5
28. a5 f5 29. Ne5 Re7 30. g3 Nf6 31. Rc4 Nd7 32. Rxb7 Kf8 33. Nxc6 Nc5 34. Rxe7
Rxc6 35. Rxe8+ 1-0

[Event "AUTO-INT-145"]
[Site "http://www.queenalice.com/game.php?id=98649"]
[Date "2006.8.23"]
[Round "1"]
[White "jrichardx"]
[Black "ravague"]
[Result "0-1"]
[WhiteElo "1639"]
[BlackElo "1705"]

1. d4 d5 2. c4 c6 3. Nc3 dxc4 4. e4 b5 5. a4 a6 6. axb5 cxb5 7. Nxb5 Bb7 8. Nc3
e6 9. Bxc4 Bb4 10. Ne2 Nf6 11. O-O O-O 12. Qb3 a5 13. Bg5 h6 14. Bxf6 Qxf6 15.
e5 Qg5 16. Ng3 Nd7 17. f4 Qe7 18. f5 Nc5 19. Qa2 a4 20. dxc5 a3 21. fxe6 fxe6
22. Bxe6+ Kh8 23. Rxf8+ Qxf8 24. Nge4 Qf4 25. Bd5 axb2 26. Qxb2 Rxa1+ 27. Qxa1
Bxc3 28. Nxc3 Qd4+ 29. Kh1 Bxd5 30. Qb2 Qxe5 31. Qc2 Qe1# 0-1

[Event "AUTO-INT-145"]
[Site "http://www.queenalice.com/game.php?id=98662"]
[Date "2006.8.23"]
[Round "1"]
[White "XequeChaMate"]
[Black "jrichardx"]
[Result "1-0"]
[WhiteElo "1851"]
[BlackElo "1647"]

1. d4 d5 2. c4 c5 3. dxc5 e6 4. cxd5 Bxc5 5. Nc3 Nf6 6. Nf3 Nxd5 7. Nxd5 Qxd5 8.
Qxd5 exd5 9. e3 O-O 10. Bd3 Nc6 11. O-O Bg4 12. Be2 Bxf3 13. Bxf3 Rfd8 14. a3
Ne5 15. Be2 d4 16. exd4 Bxd4 17. Rb1 Rd7 18. Bf4 Ng6 19. Bg3 Rad8 20. Bg4 Rd5
21. Bf3 Rb5 22. b3 f5 23. a4 Rb4 24. Bc7 Rd7 25. Ba5 Bxf2+ 26. Rxf2 Rbd4 27. h3
Ne5 28. Bc3 Nxf3+ 29. Rxf3 R4d5 30. Re1 g5 31. Rfe3 h5 32. Bf6 g4 33. Re5 Kf7
34. Bg5 Rd1 35. Kf2 R7d3 36. Rxd1 Rxd1 37. Rxf5+ Kg6 38. Re5 Rd3 39. Be3 Rxb3
40. Bxa7 g3+ 41. Kf1 Rb1+ 42. Ke2 Rb2+ 43. Kf3 Rb3+ 44. Re3 Rxe3+ 45. Bxe3 h4
46. Kg4 1-0

[Event "AUTO-INT-145"]
[Site "http://www.queenalice.com/game.php?id=98663"]
[Date "2006.8.23"]
[Round "1"]
[White "jrichardx"]
[Black "XequeChaMate"]
[Result "1-0"]
[WhiteElo "1572"]
[BlackElo "1827"]

1. e4 e6 2. d4 d5 3. Nc3 Nf6 4. e5 Nfd7 5. f4 c5 6. Nf3 Nc6 7. Bb5 a6 8. Bxc6
bxc6 9. O-O Be7 10. Be3 cxd4 11. Bxd4 c5 12. Bf2 O-O 13. Qe1 Bb7 14. Bg3 Rc8 15.
a3 Qb6 16. Rb1 a5 17. Kh1 Ba6 18. Rf2 Rc7 19. Nh4 Rb8 20. f5 Bf8 21. b3 Rbc8 22.
Qd2 Rc6 23. Bf4 exf5 24. Nxd5 Qa7 25. Nxf5 f6 26. Nde7+ Bxe7 27. Nxe7+ Kh8 28.
Nxc6 Rxc6 29. exf6 Nxf6 30. Qd8+ Ng8 31. Be5 Rc8 32. Qxa5 c4 33. Rbf1 Rc5 34.
Qc3 cxb3 35. Rf7 Rxc3 36. Bxg7# 1-0

[Event "AUTO-INT-145"]
[Site "http://www.queenalice.com/game.php?id=98670"]
[Date "2006.8.23"]
[Round "1"]
[White "rmulkey"]
[Black "jrichardx"]
[Result "0-1"]
[WhiteElo "1150"]
[BlackElo "1631"]

1. e4 c5 2. Bc4 d6 3. Bb5+ Bd7 4. Bc4 a6 5. c3 Nf6 6. f3 g6 7. Qb3 e6 8. Qxb7
Nc6 9. Bxa6 Bg7 10. b4 cxb4 11. c4 Rb8 12. Qa7 Nxa7 13. a3 Bc8 0-1

[Event "AUTO-INT-145"]
[Site "http://www.queenalice.com/game.php?id=98671"]
[Date "2006.8.23"]
[Round "1"]
[White "jrichardx"]
[Black "rmulkey"]
[Result "1-0"]
[WhiteElo "1631"]
[BlackElo "1150"]

1. c4 e5 2. Nc3 Nf6 3. Nf3 Nc6 4. d4 exd4 5. Nxd4 Bc5 6. e3 Na5 7. Be2 g5 8. O-O
d6 9. Nc2 Nxc4 10. Bxc4 Bg4 11. f3 Bh5 12. Kh1 O-O 13. e4 a5 14. Bxg5 1-0

[Event "jeancarlo1910"]
[Site "http://www.queenalice.com/game.php?id=98936"]
[Date "2006.8.24"]
[Round "-"]
[White "jrichardx"]
[Black "vlad"]
[Result "0-1"]
[WhiteElo "1759"]
[BlackElo "1910"]

1. Nf3 Nf6 2. g3 d5 3. Bg2 Bg4 4. O-O c6 5. d4 Nbd7 6. Bf4 h6 7. Ne5 g5 8. Nxd7
gxf4 9. Nxf6+ exf6 10. Qd2 h5 11. Qxf4 Bh6 12. Qxg4 hxg4 13. Nc3 f5 14. f3 Be3+
0-1

[Event "Challenge"]
[Site "http://www.queenalice.com/game.php?id=113576"]
[Date "2006.10.5"]
[Round "-"]
[White "jrichardx"]
[Black "Alan"]
[Result "0-1"]
[WhiteElo "1635"]
[BlackElo "1833"]

1. c4 e5 2. Nc3 Bc5 3. Nf3 d6 4. g3 Nf6 5. Bg2 O-O 6. O-O Nc6 7. d3 Be6 8. Qb3
Rb8 9. Nd2 Nd4 10. Qd1 Bg4 11. Nde4 Nxe4 12. Bxe4 c6 13. Rb1 f5 14. Bg2 a5 15.
h3 Bh5 16. a3 Qf6 17. b4 axb4 18. axb4 Bb6 19. Na4 Nxe2+ 20. Kh2 Nxg3 21. Qc2
Nxf1+ 0-1

[Event "Challenge"]
[Site "http://www.queenalice.com/game.php?id=113712"]
[Date "2006.10.5"]
[Round "-"]
[White "renard77"]
[Black "jrichardx"]
[Result "1-0"]
[WhiteElo "1718"]
[BlackElo "1624"]

1. d4 Nf6 2. Nc3 g6 3. e4 d6 4. Bc4 Bg7 5. Nf3 O-O 6. O-O Nxe4 7. Nxe4 d5 8.
Bxd5 Qxd5 9. Nc3 Qc4 10. Ne5 Qe6 11. Re1 Nd7 12. f4 Nxe5 13. fxe5 Rd8 14. Bf4
Qg4 15. Qd2 c5 16. d5 Qf5 17. Rf1 Bxe5 18. Bxe5 Qxe5 19. Rae1 1-0

[Event "AUTO-INT-213"]
[Site "http://www.queenalice.com/game.php?id=118576"]
[Date "2006.10.18"]
[Round "1"]
[White "lovipetol"]
[Black "jrichardx"]
[Result "1-0"]
[WhiteElo "1496"]
[BlackElo "1532"]

1. e4 d6 2. Nf3 Nf6 3. Nc3 c6 4. Bc4 b5 5. Bb3 b4 6. Ne2 Nxe4 7. d3 Nf6 8. Ng5
e6 9. O-O Be7 10. Bd2 O-O 11. Bxb4 1-0

[Event "AUTO-INT-213"]
[Site "http://www.queenalice.com/game.php?id=118577"]
[Date "2006.10.18"]
[Round "1"]
[White "jrichardx"]
[Black "lovipetol"]
[Result "0-1"]
[WhiteElo "1552"]
[BlackElo "1477"]

1. c4 c5 2. Nf3 Nc6 3. g3 Nf6 4. Bg2 e5 5. Nc3 Qe7 6. O-O b6 7. e4 Ba6 8. d3
O-O-O 9. Rb1 d6 10. a3 Qe6 11. b4 h6 12. b5 Bxb5 0-1

[Event "AUTO-INT-213"]
[Site "http://www.queenalice.com/game.php?id=118586"]
[Date "2006.10.18"]
[Round "1"]
[White "socioa22"]
[Black "jrichardx"]
[Result "1-0"]
[WhiteElo "1677"]
[BlackElo "1592"]

1. e4 d6 2. d4 Nf6 3. Nc3 g6 4. Nf3 Bg7 5. Be3 c6 6. Qd2 b5 7. O-O-O b4 8. Na4
Qa5 9. b3 Nxe4 10. Qe2 Bd7 11. Ng5 Nxg5 12. Bxg5 e6 13. f4 O-O 14. h4 1-0

[Event "AUTO-INT-213"]
[Site "http://www.queenalice.com/game.php?id=118587"]
[Date "2006.10.18"]
[Round "1"]
[White "jrichardx"]
[Black "socioa22"]
[Result "0-1"]
[WhiteElo "1609"]
[BlackElo "1659"]

1. c4 c5 2. Nf3 e6 3. g3 d5 4. d4 Nc6 5. dxc5 Bxc5 6. cxd5 exd5 7. Bg2 Nf6 8.
O-O O-O 9. Qc2 Ne4 10. e3 Bf5 11. Nc3 Re8 12. Nd2 Nxd2 0-1